The genesis of the insurgency in jammu and kashmir and in the north east and future prospects usi national security lectures (Record no. 582224)
[ view plain ]
| 000 -LEADER | |
|---|---|
| fixed length control field | 00582nam a22001697a 4500 |
| 003 - CONTROL NUMBER IDENTIFIER | |
| control field | CEME |
| 005 - DATE AND TIME OF LATEST TRANSACTION | |
| control field | 20210628205740.0 |
| 008 - FIXED-LENGTH DATA ELEMENTS--GENERAL INFORMATION | |
| fixed length control field | 210316b xxu||||| |||| 00| 0 eng d |
| 040 ## - CATALOGING SOURCE | |
| Transcribing agency | . |
| 082 ## - DEWEY DECIMAL CLASSIFICATION NUMBER | |
| Classification number | 954.913 RAO |
| 100 ## - MAIN ENTRY--PERSONAL NAME | |
| Personal name | Rao, K.V.Krishna |
| 9 (RLIN) | 76916 |
| 245 ## - TITLE STATEMENT | |
| Title | The genesis of the insurgency in jammu and kashmir and in the north east and future prospects usi national security lectures |
| 260 ## - PUBLICATION, DISTRIBUTION, ETC. | |
| Place of publication, distribution, etc. | NEW DELHI |
| Name of publisher, distributor, etc. | UNITED SERVICE INSTITUTE OF INDIA |
| Date of publication, distribution, etc. | 1997 |
| 300 ## - PHYSICAL DESCRIPTION | |
| Extent | 97P |
| 650 ## - SUBJECT ADDED ENTRY--TOPICAL TERM | |
| Topical term or geographic name entry element | JAMMU AND KASHMIR-FUTURE PROSPECTS KASHMIR-STRUGGLE-INDEPENDENCE |
| 9 (RLIN) | 76917 |
| 942 ## - ADDED ENTRY ELEMENTS (KOHA) | |
| Koha item type | Book |
| Source of classification or shelving scheme | |
| Withdrawn status | Lost status | Damaged status | Not for loan | Permanent Location | Current Location | Shelving location | Date acquired | Total Checkouts | Full call number | Barcode | Date last seen | Price effective from | Koha item type |
|---|---|---|---|---|---|---|---|---|---|---|---|---|---|
| College of Electrical & Mechanical Engineering (CEME) | College of Electrical & Mechanical Engineering (CEME) | General Stacks | 06/02/2017 | 954.913 RAO | CEME-32709 | 06/28/2021 | 06/28/2021 | Book | |||||
| College of Electrical & Mechanical Engineering (CEME) | College of Electrical & Mechanical Engineering (CEME) | General Stacks | 06/02/2017 | 954.913 RAO | CEM-32710 | 06/28/2021 | 06/28/2021 | Book |
